| Registos Bibliográficos associados ao registo de autoridade |
|
Etiqueta de registo: 00230nam 2200025 450 001 1700539 003 http://id.bnportugal.gov.pt/bib/catbnp/1700539 100 ## $a20090126d2006 k y0pory0103 ba 101 0# $apor$deng 102 ## $aPT 105 ## $aa m 000yy 106 ## $ar 200 1# $aModelação da libertação de catecolaminas por células cromafins da suprarrenal$bTexto policopiado]$fLaura Virgínia Pereira Texeira Ribeiro$gorient. Isabel Azevedo, Fátima Martel 210 #9 $aPorto$c[s.n.],$d2006 215 ## $a[135] p.$cil.$d29 cm 320 ## $aContém bibliografia 328 #0 $bTese dout.$cMedicina$eFac. de Medicina, Univ. do Porto$d2007 675 ## $a612.45(043)$vBN$zpor$31360464 675 ## $a577.17(043)$vBN$zpor$3325581 675 ## $a577.25(043)$vBN$zpor$31290522 675 ## $a573.6.08(043)$vBN$zpor$31340799 700 #1 $aRibeiro,$bLaura Virgínia Pereira Texeira$31360183 702 #1 $aAzevedo,$bIsabel$4727$3241559 702 #1 $aMartel,$bMaria de Fátima Moreira$4727$3182124 712 02 $aUniversidade do Porto.$bFaculdade de Medicina$4295$320490 801 #0 $aPT$bBN$gRPC 966 ## $lBN$mFGMON$sS.A. 124067 V.$x1
Etiqueta de registo: 00254nam 2200025 450 001 2283167 003 http://id.bnportugal.gov.pt/bib/catbnp/2283167 100 ## $a20260327d2026 k y0pory01030103ba 101 0# $aeng$dpor 102 ## $aPT 105 ## $aa m 000yy 106 ## $ar 200 1# $aAcademic integrity of portuguese students$epsychological and contextual influences across health and non-health fields$fAna Cristina Brandão Veríssimo$gorient. Laura Virgínia Pereira Teixeira Ribeiro, Pedro Nuno Ferreira Pinto de Oliveira,
Maria Paula Pinto da Rocha Mena de Matos Hüsgen 210 #9 $aPorto$c[s.n.],$d2026 215 ## $aXVIII, 179 p.$cil.$d30 cm 328 #1 $aTese dout. Ciências Biomédicas, Instituto de Ciências Biomédicas Abel Salazar, Universidadedo
Porto, 2026 700 #1 $aVeríssimo,$bAna Cristina Brandão$31994074 702 #1 $aMatos,$bPaula Mena,$f1965-$4727$31106185 702 #1 $aOliveira,$bPedro Nuno Ferreira Pinto de$4727$3343372 702 #1 $aRibeiro,$bLaura Virgínia Pereira Texeira$4727$31360183 801 #0 $aPT$bBN$gRPC 966 ## $lBN$mFGMON$x1 971 ## $cssilva$d20260327
|
|
|